|
|
|
|
| LEADER |
00000nab a2200000 a 4500 |
| 001 |
vtls000292106 |
| 003 |
SK-MaSNL |
| 005 |
20260305032215.0 |
| 008 |
160204c1987 xo 0 slo |
| 015 |
|
|
|a SNBRA19rr/mm-uuuuu
|
| 035 |
|
|
|a CL0302225
|
| 040 |
|
|
|a SNKBUCL
|b slo
|c SNKBUCL
|e AACR2
|
| 041 |
0 |
|
|a slo
|
| 044 |
|
|
|a xo
|c SK
|
| 080 |
|
|
|a 597.6/.8
|2 1981
|
| 080 |
|
|
|a 598.1
|2 1981
|
| 100 |
1 |
|
|a Gregor, Jozef
|4 aut
|9 270703
|
| 245 |
1 |
0 |
|a Herpetologické poznámky z okresu Nitra
|c Jozef Gregor
|
| 300 |
|
|
|b Res. rus., angl., lit. 4 zázn. v slov.
|
| 650 |
0 |
7 |
|a obojživelníky
|2 snkbucl
|9 16031
|
| 650 |
0 |
7 |
|a plazy
|2 snkbucl
|9 19897
|
| 650 |
0 |
7 |
|a žaby
|2 snkbucl
|9 3696
|
| 651 |
|
7 |
|a 5206
|2 snkbucl
|9 283253
|
| 651 |
|
7 |
|a Nitra (Slovensko : okres)
|2 snkbucl
|9 24094
|
| 655 |
|
7 |
|a články zo zborníkov
|2 snkbucl
|9 166140
|
| 773 |
0 |
|
|t Rosalia - Spravodaj ochrany prírody okresu Nitra a Chránenej krajinnej oblasti Ponitrie
|d Nitra : Správa CHKO Ponitrie, 1987
|g S. 231-238
|
| 850 |
|
|
|a Slovenská národná knižnica v Martine
|a MTA001
|
| 852 |
|
|
|a SNK
|b KIS3GCP
|
| 958 |
|
|
|a NB
|
| 958 |
|
|
|a RK
|
| 992 |
|
|
|a RZB
|
| 999 |
|
|
|c 3319129
|d 3321059
|